000
00195nam a22000977a 4500
082
_a
823
_b
BLY/F
100
_a
BLYTON, ENID
245
_a
FIFTEEN MINUTE TALES
650
_a
ENGLISH STORY
942
_c
BK
999
_c
7694
_d
7694